Catàleg del Col·legi de Periodistes de Catalunya
Vista normal Vista MARC

Entrada Meeting Name

Nombre de registres utilitzats a: 3

001 - CONTROL NUMBER

  • control field: 3630

003 - CONTROL NUMBER IDENTIFIER

  • control field: OSt

005 - DATE AND TIME OF LATEST TRANSACTION

  • control field: 20130603111222.0

008 - FIXED-LENGTH DATA ELEMENTS

  • fixed length control field: 130603|| aca||aabn | a|a d

040 ## - CATALOGING SOURCE

  • Original cataloging agency: OStCDMR

111 2# - HEADING--MEETING NAME

  • Meeting name or jurisdiction name as entry element: Jornades d'Història de la Premsa

Implantat amb Koha